00415nam a2200121Ia 4500008004100000245007400041245001600115260000900131650001300140856004800153999001900201952007300220171211s9999 xx 000 0 und d 4aThe Saint in the Banyan Tree: Christianity and Caste Society in India cDavid Mosse c2012 xReligion uhttp://down.ebook777.com/063/0520273494.pdf c350494d350494 001040aCLbCLd2017-12-11l0r2017-12-11 00:00:00w2017-12-11yCBE